| 000 | 00390pam a2200157a 44500 | ||
|---|---|---|---|
| 008 | 230405s2022 xxu||||| |||| 00| 0 eng d | ||
| 020 | _a978818966751 | ||
| 082 |
_a610.73 _bJOS |
||
| 100 | _aJoseph,Valsamma | ||
| 245 | _aNursing Foundations - I & II | ||
| 250 | _a2nd Ed. | ||
| 260 |
_aHyderabad _bFrontline Publication _c2022 |
||
| 300 | _a766 p. | ||
| 502 | _atext | ||
| 906 | _a004574 | ||
| 999 |
_c252591 _d252591 |
||